Digital systems : principles and applications (Record no. 8015)
[ view plain ]
| 000 -LEADER | |
|---|---|
| fixed length control field | 01420 a2200229 4500 |
| 020 ## - INTERNATIONAL STANDARD BOOK NUMBER | |
| International Standard Book Number | 0130856347 |
| 040 ## - CATALOGING SOURCE | |
| Original cataloging agency | Library of Congress |
| Language of cataloging | English |
| 082 ## - DEWEY DECIMAL CLASSIFICATION NUMBER | |
| Classification number | 621.381 |
| 100 1# - MAIN ENTRY--PERSONAL NAME | |
| Personal name | Tocci, Ronald J. |
| 245 10 - TITLE STATEMENT | |
| Title | Digital systems : principles and applications |
| Statement of responsibility, etc. | Ronald J. Tocci, Neal S. Widmer. |
| 250 ## - EDITION STATEMENT | |
| Edition statement | 8th ed. |
| 260 ## - PUBLICATION, DISTRIBUTION, ETC. | |
| Place of publication, distribution, etc. | Upper Saddle River, N.J. : |
| Name of publisher, distributor, etc. | Prentice Hall, |
| Date of publication, distribution, etc. | 2001. |
| 300 ## - PHYSICAL DESCRIPTION | |
| Extent | 881 p. : |
| Other physical details | ill. + |
| Accompanying material | 2 CD-ROMs (4 3/4 in.) |
| 500 ## - GENERAL NOTE | |
| General note | Accompanying CD-ROM [1] under title: Texas instruments data sheets to accompany digital systems, CD-ROM [2] under title: Electronic workbench circuit files, CircuitMaker circuit files & student version software, demo version of CUPL to accompany digital systems, 8e. |
| 500 ## - GENERAL NOTE | |
| General note | "CUPL software activation code: Organization: extendeddemo. Serial number: 10007733". |
| 538 ## - SYSTEM DETAILS NOTE | |
| System details note | System requirements for accompanying CD-ROM : Windows 95/98/NT4 or later; IBM compatible 486DX PC or later; 10MB of available hard disk space (15MB during install) and 12MB of RAM; VGA (or higher) resolution video card and monitor (color preferred). |
| 650 #0 - SUBJECT ADDED ENTRY--TOPICAL TERM | |
| Topical term or geographic name entry element | Digital electronics. |
| 700 1# - ADDED ENTRY--PERSONAL NAME | |
| Personal name | Widmer, Neal S. |
| 740 02 - ADDED ENTRY--UNCONTROLLED RELATED/ANALYTICAL TITLE | |
| Uncontrolled related/analytical title | Texas instruments data sheets to accompany digital systems. |
| 740 02 - ADDED ENTRY--UNCONTROLLED RELATED/ANALYTICAL TITLE | |
| Uncontrolled related/analytical title | Electronic workbench circuit files, CircuitMaker circuit files & student version software, demo version of CUPL to accompany digital systems, 8e. |
| 942 ## - ADDED ENTRY ELEMENTS (KOHA) | |
| Koha item type | Book |
| Call number prefix | 621.381 TOC |
| Source of classification or shelving scheme | |
| Withdrawn status | Lost status | Damaged status | Not for loan | Collection code | Permanent Location | Current Location | Shelving location | Date acquired | Source of acquisition | Cost, normal purchase price | Total Checkouts | Total Renewals | Full call number | Barcode | Date last seen | Price effective from | Koha item type | Date last checked out |
|---|---|---|---|---|---|---|---|---|---|---|---|---|---|---|---|---|---|---|
| Central Library (CL) | Central Library (CL) | General Stacks | 01/22/2003 | Academic Book com. | 439.55 | 3 | 621.381 TOC | SEECS003008 | 06/01/2023 | 01/05/2017 | Book | |||||||
| Central Library (CL) | Central Library (CL) | General Stacks | 12/27/2002 | Book Field | 443.27 | 1 | 621.381 TOC | SEECS002897 | 04/12/2021 | 01/05/2017 | Book | 03/01/2021 |
